000 00549nam a22001817a 4500
003 DO-CoUTE
005 20250923095001.0
008 250923b dr ||||| |||| 00| 0 spa d
040 _aDO-CoUTE
_bspa
_cDO-CoUTE
082 _aRD904.7
_bT913D
100 1 _aTueni, Emely
_eAutor
245 1 0 _aDetalles de mi vida /
_cEmely Tueni
260 _aSanto Domingo, República Dominicana ;
_bBanco central,
_c2025
300 _a295 paginas :
_bFotografias ;
_c22cm,
650 4 _aRelatos de la vida
700 1 _aEmely Tueni
_eAutor
942 _2ddc
_cBK
999 _c23886
_d23886